| 000 | 01272cam a2200325 i 4500 | ||
|---|---|---|---|
| 001 | 3378 | ||
| 003 | Mx-PuUPA | ||
| 005 | 20250926143035.0 | ||
| 008 | 140415s2020 mx o gr 000 0 spa d | ||
| 020 | _a9786079390297 | ||
| 040 |
_cMx-PuUPA _aMx-PuUPA _bspa _dMx-PuUPA _erda |
||
| 041 | 0 | _aspa | |
| 043 |
_2mx-mxbn _bn-mx-pu |
||
| 110 | 1 |
_aGobierno del Estado de Puebla / Secretaría de Cultura, _917423 _eautor |
|
| 245 | 1 | 0 |
_aCerámica policromada de Puebla / _cGobierno del Estado de Puebla |
| 250 | _aPrimera edición | ||
| 264 | 1 |
_aPuebla, México : _bGobierno del Estado de Puebla, _c2020 |
|
| 300 |
_a94 páginas : _bfotografías (en color) ; _c28 cm |
||
| 336 |
_2rdacontent _atexto _btxt |
||
| 337 |
_2rdamedia _asin medio _bn |
||
| 338 |
_2rdacarrier _avolumen _bnc |
||
| 610 | 2 | _aMuseo Regional de Arte Popular Mexicano (Cholula, Puebla de Zaragoza) | |
| 650 | 7 |
_2armarc _aCerámica _zMéxico _zPuebla de Zaragoza _vExposiciones |
|
| 650 | 7 |
_2armarc _aArtesanias en cerámica _zPuebla (México) _vExposiciones |
|
| 650 | 7 |
_2armarc _aArtes decorativas _vExposiciones |
|
| 942 |
_2ddc _cLI _h738.142 _iC45 |
||
| 999 |
_c3378 _d3378 |
||